000 00251nam a2200085Ia 4500
245 0 _aEverything you need to know about science
100 _a GOLDSMITH, Mike New York, [c.2009]
_981684
942 _cBK
008 210817s9999 xx 000 0 und d
999 _c292239
_d292238